| 000 | 00826nam a22002415a 4500 | ||
|---|---|---|---|
| 003 | OSt | ||
| 005 | 20170704142153.0 | ||
| 008 | 160823s2013 ua a frb 000 0 ara da d | ||
| 015 | _a2013/3253 | ||
| 020 | _a9789771028451 | ||
| 040 |
_aEG-ScBUE _bara _cEG-ScBUE |
||
| 082 | 0 | 4 |
_a327 _bأ ح م _222 |
| 100 | 1 |
_aأحمد، سيد أبو ضيف. _940815 |
|
| 245 | 1 | 4 |
_aالعلاقات الدولية : _bمفاهيم وموضوعات / _cسيد أبو ضيف أحمد. |
| 250 | _aط. 1. | ||
| 260 |
_aالقاهرة : _bدار الفكر العربي، _c2013. |
||
| 300 |
_a356 ص. : _bايض. ؛ _c24 سم. |
||
| 504 | _aيشتمل على إرجاعات ببليوجرافية. | ||
| 651 | _2BUEsh | ||
| 653 |
_bLLAAWW _bBUSBOL _cAugust 2016 |
||
| 650 | 7 |
_940818 _aالعلاقات الخارجية _2BUEsh |
|
| 942 | _2ddc | ||
| 999 |
_c22206 _d22178 |
||